00446nam a2200157Ia 45000010006000000050017000060080041000230410008000640820022000721000025000942450118001192600009002373000028002466500006002746540008002802304920260414150911.0260414t2001||||xx |||||||||||||| ||spa|| aESP a624.18bA122 V. 1 aAddleson, LyalleAUT 0aMateriales para la construcción :baspectos físicos y químicos de la materia y estructura de los materiales c2001 a183 páginas :c30 cm. a0 aCIC